| 000 | 00909nas a2200277 4500 | ||
|---|---|---|---|
| 001 | BR2013009871 | ||
| 003 | BR-BrBNA | ||
| 005 | 20231205123354.0 | ||
| 007 | ta | ||
| 008 | 230509b bl.|||p| |||| 00| 00por d | ||
| 040 |
_aBR-BrBNA _bpor _cBiblioteca Nacional de Agricultura |
||
| 041 | _a(En) | ||
| 072 | _aQ02; Q04 | ||
| 100 | 1 | _aFernandes, R.V. de B. | |
| 100 | 1 | _aBorges, S.V. | |
| 100 | 1 | _aBotrel, D.A. | |
| 245 | 1 | _aInfluence of spray drying operating conditions on microencapsulated rosemary essential oil properties | |
| 650 | _aÓLEO VEGETAL | ||
| 650 | _aALECRIM | ||
| 650 | _aSECAGEM | ||
| 650 | _aROSIMARIUS OFFICINALIS | ||
| 773 | 0 |
_tCiência e Tecnologia de Alimentos (Brazil) _xISSN 1678-457X _g(Feb 2013), v. 33(Supl. 1) p. 171-178 _wBR2013009871 |
|
| 856 | 4 | 0 | _uhttp://www.scielo.br/pdf/cta/v33s1/v33s1a25.pdf |
| 909 |
_a202311 _bLúcia _c55 _dLúcia Elande |
||
| 942 |
_2AGRIS _n0 _cANA |
||
| 999 |
_c233558 _d233558 |
||